000 00497nam a2200169 i 4500
001 67957
003 ES-MaACL
005 20251011063112.0
007 t|
008 040216s1970 sp ||||1| spa d
100 0 _aGallego Morell, Antonio,
_d1923-2009
_953576
245 1 0 _aEn torno a Garcilaso y otros ensayos /
_cAntonio Gallego Morell.
260 _aMadrid :
_bGuadarrama,
_c[1970]
300 _a202 p. ;
_c18 cm.
852 _aES-MaACL
_jC-40693
_bR.73925
999 _c67957
_d67957